[Event "V Sunway Sitges Open 2018"]
[Site "Sitges"]
[Date "2018.12.18"]
[Round "5"]
[White "Peralta, Fernando"]
[Black "Bharath Subramaniyam H"]
[Result "1/2-1/2"]
[WhiteElo "2584"]
[BlackElo "2234"]
[Annotator "ChessBase"]
[PlyCount "89"]
[EventDate "2018.12.14"]
[EventType "swiss"]
[EventCountry "ESP"]
[SourceTitle "playchess.com"]
[Source "ChessBase"]
[SourceQuality "1"]
[TimeControl "40/5400+30:1800+30"]

1. Nf3 {[%emt 0:00:00]} Nf6 {[%emt 0:00:00]} 2. c4 {[%emt 0:00:00]} b6 {[%emt 0:01:29]} 3. Nc3 {[%emt 0:00:58]} Bb7 {[%emt 0:00:14]} 4. d4 {[%emt 0:00:48]} g6 {[%emt 0:00:55]} 5. Qc2 {[%emt 0:00:19]} Bg7 {[%emt 0:01:45]} 6. e4 {[%emt 0:00:10]} d6 {[%emt 0:04:32]} 7. Be2 {[%emt 0:00:19]} O-O {[%emt 0:00:57]} 8. O-O {[%emt 0:00:10]} c5 {[%emt 0:23:31]} 9. d5 {[%emt 0:01:06]} Nbd7 {[%emt 0:00:09]} 10. Bf4 {[%emt 0:02:39]} a6 {[%emt 0:01:24]} 11. a4 {[%emt 0:10:05]} Qc7 {[%emt 0:00:54]} 12. Rad1 {[%emt 0:00:16]} Rad8 {[%emt 0:01:28]} 13. h3 {[%emt 0:01:49]} Ne5 {[%emt 0:05:57]} 14. Nxe5 {[%emt 0:07:01]} dxe5 {[%emt 0:00:09]} 15. Be3 {[%emt 0:00:13]} a5 {[%emt 0:01:09]} 16. Qc1 {[%emt 0:20:22]} Ba6 {[%emt 0:08:19]} 17. b3 {[%emt 0:01:10]} Qd6 {[%emt 0:08:35]} 18. Kh1 {[%emt 0:04:23]} Nd7 {[%emt 0:02:09]} 19. Bd3 {[%emt 0:02:53]} Kh8 {[%emt 0:08:02]} 20. Ne2 {[%emt 0:02:01]} Rg8 {[%emt 0:06:12]} 21. f3 {[%emt 0:04:40]} Rdf8 {[%emt 0:01:31]} 22. Qc2 {[%emt 0:03:17]} Bc8 {[%emt 0:03:41]} 23. Nc3 {[%emt 0:00:31]} Ba6 {[%emt 0:00:21]} 24. Rf2 {[%emt 0:00:35]} Nf6 {[%emt 0:00:42]} 25. g4 {[%emt 0:01:12]} Nd7 {[%emt 0:06:12]} 26. Rh2 {[%emt 0:01:03]} Nf6 {[%emt 0:06:37]} 27. Rf1 {[%emt 0:03:38]} Rc8 {[%emt 0:00:51]} 28. Ne2 {[%emt 0:00:45]} e6 {[%emt 0:00:13]} 29. Ng3 {[%emt 0:02:18]} exd5 {[%emt 0:00:42]} 30. cxd5 {[%emt 0:02:50]} Bxd3 {[%emt 0:01:02]} 31. Qxd3 {[%emt 0:00:06]} c4 {[%emt 0:00:36]} 32. bxc4 {[%emt 0:00:15]} Qb4 {[%emt 0:00:01]} 33. Rc2 {[%emt 0:08:02]} Nd7 {[%emt 0:02:01]} 34. Ra1 {[%emt 0:01:13]} Rc7 {[%emt 0:01:54]} 35. Bd2 {[%emt 0:07:53]} Qd6 {[%emt 0:00:19]} 36. Be3 {[%emt 0:05:59]} Qb4 {[%emt 0:00:38]} 37. Bd2 {[%emt 0:00:54]} Qd6 {[%emt 0:00:02]} 38. Kg2 {[%emt 0:01:33]} Rgc8 {[%emt 0:00:35]} 39. h4 {[%emt 0:01:13]} Nc5 {[%emt 0:00:51]} 40. Qa3 {[%emt 0:00:00]} Bf8 {[%emt 0:00:00]} 41. Qe3 {[%emt 0:15:24]} Qd7 {[%emt 0:04:12]} 42. Rca2 {[%emt 0:01:55]} Qd6 {[%emt 0:02:30]} 43. Rc2 {[%emt 0:05:13]} Qd7 {[%emt 0:00:12]} 44. Rca2 {[%emt 0:08:03]} Qd6 {[%emt 0:01:16]} 45. Rc2 {[%emt 0:03:41]} 1/2-1/2

[Event "V Sunway Sitges Open 2018"]
[Site "Sitges"]
[Date "2018.12.18"]
[Round "5"]
[White "Nihal Sarin"]
[Black "Lopez Martinez, Josep Manuel"]
[Result "1/2-1/2"]
[WhiteElo "2576"]
[BlackElo "2580"]
[Annotator "TA"]
[PlyCount "104"]
[EventDate "2018.12.14"]
[EventType "swiss"]
[EventCountry "ESP"]
[SourceTitle "playchess.com"]
[Source "ChessBase"]
[SourceQuality "1"]

{[%evp 30,104,8,16,9,3,8,0,4,0,28,0,10,0,0,0,11,-11,11,-12,0,0,0,0,0,0,7,0,0,-15,-8,-7,-14,-28,0,-15,-8,-36,-14,-16,-20,-14,-9,-9,-8,-10,-7,-27,-28,-68,-61,-141,-81,-75,-48,-37,-41,-25,-32,-49,0,0,0,0,0,0,0,0,0,0,0,0,0,0,0,-6,-6]} 1. Nf3 Nf6 2. c4 e6 3. e3 b6 4. b3 Bb7 5. Bb2 c5 6. Be2 Be7 7. O-O O-O 8. d4 cxd4 9. Nxd4 a6 10. Nc3 d6 11. Bf3 Qc7 12. Bxb7 Qxb7 13. Qf3 {A30: Symmetrical English: Double Fianchetto and Hedgehog} Qxf3 14. gxf3 Rc8 15. Rfd1 Nbd7 16. Rac1 {[#] LiveBook: 4 Games} (16. f4 g6 17. Kg2 Rab8 18. Rac1 Nc5 19. Rc2 Rb7 20. Kf3 Ncd7 {½-½ (20) Gareyev,T (2590)-Sargissian,G (2660) Las Vegas 2009}) 16... g6 $146 ({Predecessor:} 16... h6 17. Kf1 Bf8 18. Ke2 Rc5 19. f4 Rh5 20. Nf3 b5 21. cxb5 axb5 {0-1 (56) Blanco Fernandez,A (2315)-Finegold,B (2539) Las Vegas 2010}) 17. Kf1 Bf8 18. Nde2 Ne8 19. Ne4 Nc5 20. N2c3 Be7 21. Ba3 Nb7 22. f4 Rc6 23. Bb2 Rac8 24. Ke2 Nc5 25. Nxc5 Rxc5 26. Ne4 Rh5 27. Rh1 Kf8 28. Bd4 Rb8 29. Rc2 f5 30. Ng3 Rh4 31. Kf3 Bf6 (31... Kf7 {is more complex.} 32. h3 h6 33. e4 fxe4+ 34. Nxe4 b5) 32. Bxf6 Nxf6 33. b4 Rc8 34. Kg2 Ke7 35. Rhc1 h6 {[%cal Bh7h6,Bh6g5][%mdl 32]} 36. c5 dxc5 37. bxc5 b5 38. c6 g5 39. fxg5 hxg5 40. c7 {[#]} ({White should try} 40. Ne2 $1 $15) 40... Ng4 (40... Nd5 $142 $1 41. e4 fxe4) 41. a4 $17 bxa4 42. h3 Ne5 43. Ne2 Nd3 44. Ra1 Nb4 45. Rc5 {The position is equal.} Kd6 46. Ra5 $1 Rxc7 47. R5xa4 Rhc4 48. Rb1 Nd5 49. Rxa6+ R4c6 50. Rxc6+ Rxc6 51. Nd4 Ra6 52. Rb2 Ke5 {Accuracy: White = 42%, Black = 53%.} 1/2-1/2

[Event "V Sunway Sitges Open 2018"]
[Site "Sitges"]
[Date "2018.12.18"]
[Round "5"]
[White "Petrosyan, Manuel"]
[Black "Vocaturo, Daniele"]
[Result "1-0"]
[WhiteElo "2565"]
[BlackElo "2629"]
[Annotator "TA"]
[PlyCount "81"]
[EventDate "2018.12.14"]
[EventType "swiss"]
[EventCountry "ESP"]
[SourceTitle "playchess.com"]
[Source "ChessBase"]
[SourceQuality "1"]

{[%evp 11,81,27,33,0,25,0,27,31,65,68,74,28,151,141,192,166,170,128,239,152,170,150,181,186,186,184,189,203,201,168,246,239,234,235,223,212,247,209,335,318,483,479,583,488,673,286,252,225,627,384,397,392,371,387,379,378,402,375,394,396,387,379,410,425,433,417,434,423,574,400,357,345]} 1. e4 e6 2. d4 d5 3. Nd2 h6 (3... c5 4. exd5 Qxd5 5. Ngf3 cxd4 6. Bc4 Qd6 7. O-O Nf6 8. Nb3 Nc6 9. Nbxd4 Nxd4 10. Nxd4 a6 11. Re1 Qc7 12. Bf1 Be7 13. Qf3 O-O 14. Bf4 Bd6 15. Bxd6 Qxd6 16. Rad1 Qc7 17. c4 Rb8 18. Qg3 Qxg3 19. hxg3 Bd7 {½-½ (61) Karjakin,S (2773)-Duda,J (2737) chess.com INT 2018}) 4. Ngf3 Nf6 5. Bd3 c5 {[%cal Bc7c5,Bc5c4][%mdl 32]} 6. e5 {C03: French Tarrasch: Unusual Black 3rd moves} Nfd7 {LiveBook: 72 Games} 7. O-O Nc6 8. Re1 {White has an edge.} c4 $146 ({Predecessor:} 8... cxd4 9. a3 g5 10. h3 Bg7 11. b4 Ndxe5 {0-1 (47) Mestre Bellido,H (2404)-Bhat,V (2536) Badalona 2010}) 9. Bf1 g5 {Threatens to win with ...g4.} 10. h3 h5 {Black wants to play ...g4.} 11. c3 b5 (11... g4 $11) 12. a4 $16 b4 {[#]} (12... bxa4 $16 13. Nxc4 (13. Qxa4 Nb6 $11) 13... g4) 13. Nxc4 $1 $18 {[%mdl 512]} dxc4 14. Nxg5 Qc7 (14... Ndxe5 $16 15. dxe5 Qxd1 16. Rxd1 Nxe5) 15. Bxc4 Bb7 16. Be2 bxc3 17. bxc3 Nd8 18. c4 {[%mdl 1024] White has strong compensation.} h4 19. a5 {[%cal Ba4a5,Ba5a6][%mdl 32]} Rc8 20. Bd3 Be7 (20... Bb4 $142) 21. Qg4 Nf8 22. a6 Ba8 23. Ne4 Bxe4 24. Rxe4 Ng6 (24... Rb8 $142 25. Be3 Nd7) 25. Re2 Rg8 (25... Bf8 {might work better.} 26. Rb1 Rg8) 26. d5 Bc5 27. Bc2 Rh8 28. Bg5 (28. dxe6 $142 Nxe6 29. Bxg6) 28... Nxe5 29. Qf4 Ng6 $2 (29... Nec6) 30. Ba4+ Kf8 31. Qxc7 {[%mdl 64] [#] Overworked Piece} Rxc7 32. Bxd8 Rc8 33. Bf6 Rh6 {aiming for ...Nf4.} 34. dxe6 fxe6 35. Rxe6 Kf7 36. Bg5 Rh5 37. Rf6+ Kg7 38. Rf5 Be7 39. Bd7 Rxc4 40. Be3 Rxf5 41. Bxf5 {Accuracy: White = 69%, Black = 45%.} 1-0

[Event "V Sunway Sitges Open 2018"]
[Site "Sitges"]
[Date "2018.12.18"]
[Round "5"]
[White "Kulaots, Kaido"]
[Black "Indjic, Aleksandar"]
[Result "0-1"]
[WhiteElo "2555"]
[BlackElo "2620"]
[Annotator "TA"]
[PlyCount "78"]
[EventDate "2018.12.14"]
[EventType "swiss"]
[EventCountry "ESP"]
[SourceTitle "playchess.com"]
[Source "ChessBase"]
[SourceQuality "1"]

{[%evp 25,78,11,20,10,35,21,18,12,23,0,0,0,0,0,0,-12,0,-24,-8,0,0,-7,0,-16,-6,-6,-9,-16,-14,-19,-13,-152,-163,-135,-145,-196,-201,-281,-268,-277,-254,-262,-262,-257,-263,-247,-266,-335,-281,-423,-414,-407,-395,-656,-368]} 1. e4 c5 2. Nf3 d6 3. d4 cxd4 4. Nxd4 Nf6 5. Nc3 a6 6. Be3 e5 7. Nb3 Be6 8. f3 h5 9. Nd5 {B90: Sicilian Najdorf: Unusual White 6th moves, 6 Be3 Ng4 and 6 Be3 e5} Bxd5 10. exd5 Nbd7 11. Qd2 Qc7 (11... g6 12. Be2 Bg7 13. O-O-O O-O 14. g4 a5 15. a4 Nb6 16. gxh5 Nxh5 17. Bb5 Nf6 {0-1 (71) Leko,P (2690)-Vachier Lagrave,M (2780) Batumi 2018}) 12. c4 a5 13. Rc1 a4 {LiveBook: 4 Games} 14. Na1 Qa5 15. Qxa5 Rxa5 16. Nc2 g6 17. Be2 Bh6 18. Bxh6 Rxh6 19. Na3 $146 Ke7 20. Kd2 h4 21. Kc3 Rh8 22. Kb4 Rha8 23. Nb5 b6 24. Rhe1 Nc5 25. Bf1 Kd7 26. Rcd1 Nh5 27. Rd2 f5 28. Bd3 {[#]} (28. Rdd1 $11 {remains equal.}) 28... a3 $1 $17 {[%mdl 512]} 29. Bb1 {[%cal Rb5a3]} (29. bxa3 Ra4+) 29... axb2 30. a3 (30. Kc3 $17) 30... Rc8 $19 31. Rxb2 Nf4 32. Rd1 e4 33. fxe4 Ra4+ (33... fxe4 34. Rd4 $17) (33... Nxe4 34. Rf1 $16) 34. Kc3 Nxe4+ 35. Bxe4 {Threatens to win with Bd3.} Raxc4+ {[%mdl 64] [#] Double Attack} ({Not} 35... fxe4 36. Rd4 $11) ({Much less strong is} 35... Rcxc4+ 36. Kb3 $17) 36. Kb3 {And now Bf3 would win.} Rxe4 37. g3 (37. Rf2 $142) 37... hxg3 38. hxg3 Ne2 39. Rh1 $2 (39. Rbd2 Re3+ 40. Kb2) 39... Nc1+ {Accuracy: White = 26%, Black = 63%.} 0-1

[Event "V Sunway Sitges Open 2018"]
[Site "Sitges"]
[Date "2018.12.18"]
[Round "5"]
[White "Halkias, Stelios"]
[Black "Borocz, Istvan"]
[Result "1-0"]
[WhiteElo "2552"]
[BlackElo "2377"]
[Annotator "TA"]
[PlyCount "189"]
[EventDate "2018.12.14"]
[EventType "swiss"]
[EventCountry "ESP"]
[SourceTitle "playchess.com"]
[Source "ChessBase"]
[SourceQuality "1"]

{[%evp 14,189,32,24,68,36,87,108,117,66,106,111,97,94,118,106,100,106,137,95,121,87,103,97,106,76,75,62,85,77,102,96,116,109,130,124,129,100,133,129,141,118,212,162,162,160,159,158,163,143,142,112,131,52,68,74,76,85,89,82,79,74,84,0,0,2,28,27,107,134,137,147,133,137,143,137,139,139,149,0,138,135,135,145,156,100,144,0,139,0,99,62,70,62,62,62,72,62,149,149,158,126,168,168,166,64,50,49,58,0,0,0,0,0,0,0,0,0,0,0,0,0,0,0,0,0,0,0,0,0,0,0,0,0,0,0,0,0,0,0,0,0,0,0,0,0,0,0,34,34,34,34,34,41,0,0,29970,29971,29971,29972,29971,29973,29971,29973,29974,29975,29973,29974,29973,29975,29977,29978,29976,29977,29981,29982,29982,29981]} 1. Nf3 d5 2. d4 Nf6 3. c4 c6 4. g3 a6 (4... g6 5. Bg2 Bg7 6. Qb3 O-O 7. O-O Qb6 8. Nc3 Rd8 9. Bd2 Be6 10. Na4 Qxb3 11. axb3 Nbd7 12. Rfc1 Ne4 13. Bb4 Kf8 14. e3 f5 15. Be1 Rdc8 16. Nd2 {½-½ (16) Mchedlishvili,M (2608)-Kamsky,G (2675) St Petersburg 2018}) 5. Nbd2 g6 6. Bg2 {D11: Slav Defence: 3 Nf3 sidelines and 3...Nf6 4 e3 Bg4} Bg7 7. O-O O-O 8. b3 {LiveBook: 3 Games. White is slightly better.} c5 9. Bb2 Nc6 (9... cxd4 $1 $14 10. Nxd4 e5) 10. dxc5 $16 d4 11. a3 $146 (11. b4 $16) ({Predecessor:} 11. Ne1 e5 12. a3 a5 13. Nc2 Bf5 14. e4 {1-0 (41) Kristiansen,E (2205)-Tjomsland,S (2286) Asker 2003}) 11... a5 12. b4 axb4 13. axb4 Rxa1 14. Bxa1 Nxb4 15. Nxd4 Ng4 16. Ne4 Ne5 17. Qa4 Nbc6 18. Nxc6 Nxc6 19. Bxg7 Kxg7 20. e3 Qc7 21. Nc3 Qe5 22. Nd5 f6 23. Qa3 Bf5 24. f4 Qb8 25. Ra1 h5 26. h3 e5 27. Qc3 exf4 (27... Rf7 $16 28. Kh2 Qf8) 28. exf4 Rf7 29. Kh2 Qf8 30. Qe3 Qd8 31. Re1 {[%cal Ba1e1,Be1e2,Be2b2][%mdl 32]} Qa5 32. Re2 Qa1 33. Qc3 (33. Rd2 $16) 33... Qxc3 34. Nxc3 Bd3 35. Rb2 Bxc4 {[#]} 36. Ne4 $1 {[%cal Re4d6] Threatens to win with Nd6.} Re7 37. Nd6 {[%mdl 64] Double Attack} Ba6 38. Bxc6 ({White should try} 38. Ra2 $16 Bd3 39. h4) 38... bxc6 {[%mdl 4096] Endgame KRB-KRN} 39. Rb6 Re2+ 40. Kg1 Re1+ (40... Bb5 $1 $11 {keeps the balance.}) 41. Kf2 Re2+ 42. Kf3 Ra2 43. Rxc6 Bf1 44. Rc7+ Kg8 45. Rc8+ Kg7 46. Rc7+ Kg8 $1 47. h4 Bg2+ 48. Ke3 Ra3+ 49. Kf2 (49. Kd4 $142) 49... Ra2+ 50. Ke3 Ra3+ 51. Kf2 Ra2+ $1 52. Kg1 Rc2 53. Ne8 f5 54. Nf6+ Kf8 55. Nd7+ Ke8 (55... Ke7 $14) 56. Ne5 Be4 57. c6 Kd8 58. Rd7+ Kc8 59. Rg7 (59. Nxg6 $18 {Hoping for Ne7+.} Rxc6 60. Ne5) 59... Rg2+ $1 $14 60. Kf1 Rxg3 61. Rxg6 (61. Nxg6 $14 Rh3 62. Ra7 Rf3+ 63. Ke2) 61... Rxg6 $11 62. Nxg6 $14 {KB-KN} Kc7 ({Reject} 62... Bxc6 63. Ne7+ Kd7 64. Nxf5 $16) 63. Kf2 Kxc6 64. Ke3 Kd5 65. Nf8 Bb1 66. Nd7 Ke6 67. Nb6 Ba2 68. Kd4 Kd6 69. Na4 Bd5 70. Nc3 Bf3 71. Nb5+ Kc6 72. Na3 {aiming for Ke5.} Kd6 73. Nc4+ Ke6 74. Kc5 Bg2 75. Ne5 Bh1 76. Nc6 Be4 77. Nd4+ Ke7 78. Nb5 Ke6 79. Nc7+ Ke7 (79... Kd7 $5 {[%cal Rd7c7]} 80. Nb5 Bg2 $11) 80. Kd4 Kf6 81. Ne8+ Kg6 82. Ke5 Bf3 83. Nd6 Bg4 84. Ke6 {Black must now prevent Nc8.} Bh3 $2 {[%mdl 8192] [#]} (84... Kg7 $11 85. Nc8 Bf3) 85. Nc8 $1 {[%cal Rc8e7] White mates.} Bg4 86. Ne7+ Kg7 87. Ke5 Kf7 88. Nxf5 Bd1 89. Ng3 Bg4 90. f5 Bd1 91. Kf4 Ke7 92. Kg5 Kd6 93. Nxh5 Ke5 94. Nf4 Bc2 95. Ng6+ {Accuracy: White = 68%, Black = 52%.} 1-0

[Event "V Sunway Sitges Open 2018"]
[Site "Sitges"]
[Date "2018.12.18"]
[Round "5"]
[White "Praggnanandhaa R"]
[Black "Liang, Awonder"]
[Result "1/2-1/2"]
[WhiteElo "2530"]
[BlackElo "2589"]
[Annotator "TA"]
[PlyCount "139"]
[EventDate "2018.12.14"]
[EventType "swiss"]
[EventCountry "ESP"]
[SourceTitle "playchess.com"]
[Source "ChessBase"]
[SourceQuality "1"]

{[%evp 32,139,4,6,9,10,6,4,8,10,7,3,2,1,1,1,8,16,51,52,45,33,46,43,45,45,59,59,57,50,59,59,59,58,58,58,58,52,60,59,63,67,69,85,170,8,8,8,8,8,8,8,8,0,0,8,8,8,8,8,8,8,8,8,8,8,8,0,0,0,0,0,0,0,0,0,0,0,0,0,0,0,0,0,0,0,0,0,0,0,8,8,8,8,8,8,8,8,8,8,8,8,8,8,8,0,0,0,0,0]} 1. Nf3 Nf6 2. g3 b6 3. Bg2 Bb7 4. O-O g6 5. c4 c5 6. b3 Bg7 7. Bb2 O-O 8. Nc3 Nc6 9. d4 Nxd4 10. Nxd4 Bxg2 11. Kxg2 cxd4 12. Qxd4 d5 {A30: Symmetrical English: Double Fianchetto and Hedgehog} (12... d6 13. Rad1 Nd7 14. Qd2 Nc5 15. Nd5 Bxb2 16. Qxb2 f6 17. b4 Nd7 18. Qb3 Rf7 19. Rd4 Ne5 20. f4 Nc6 {1-0 (65) Meier,G (2639)-Lenderman,A (2630) chess.com INT 2018}) 13. cxd5 e6 14. d6 Nd5 15. Qd2 Nxc3 16. Bxc3 Bxc3 17. Qxc3 {LiveBook: 3 Games} Qxd6 18. Rfd1 Qe7 19. Rac1 Rfd8 20. Rxd8+ Rxd8 $11 {[%mdl 4096] Endgame KQR-KQR} 21. Qc7 Qd7 22. Rc4 $146 ({Predecessor:} 22. Qxd7 Rxd7 {½-½ (22) Gazarek,D (2335)-Feletar,D (2376) Pula 1999}) 22... Qxc7 23. Rxc7 {KR-KR} a5 24. Rc6 a4 25. bxa4 Rd2 26. a3 Rb2 27. Rd6 Rxe2 28. Rxb6 Rc2 29. Kf3 Rc3+ 30. Ke4 Rc4+ 31. Ke5 Rxa4 32. Kf6 {[%cal Rb6b8] [#]} h5 $1 33. Rb8+ Kh7 34. Rb3 Ra5 35. Kxf7 Rf5+ 36. Kxe6 Rxf2 37. h4 Kh6 (37... g5 $16 {is a better defense.}) 38. a4 $2 (38. Kd5 $18) 38... Ra2 {The position is equal.} 39. Rb4 g5 40. Kf5 Rf2+ $1 41. Ke4 {[#] Hoping for Rb6+.} Ra2 42. hxg5+ Kxg5 43. Kf3 Ra3+ 44. Kg2 Ra2+ 45. Kh3 Kf5 46. Rb5+ Kg6 47. Ra5 Kh6 48. Ra8 Kg6 49. a5 Ra4 50. Ra7 (50. g4 $5) 50... Kh6 51. a6 Kg6 52. Ra8 Kg7 53. Kg2 Ra3 54. Kf2 Kh7 55. a7 Kg7 56. Ke2 {Kd2 is the strong threat.} Ra1 57. Ke3 (57. g4 $5 hxg4 58. Ke3 $11) 57... Ra4 58. Kd3 {Threatens to win with Kc3.} (58. g4 $5 hxg4 59. Ke2 $11) 58... Kh7 59. Kc3 (59. g4 $5 hxg4 60. Ke2 $11) 59... Ra1 60. Kd4 {And now Kc5 would win.} Kg7 61. Ke5 $1 {[%cal Re5d6] aiming for Kd6.} Ra2 62. Kf4 Ra3 63. Kg5 Rxg3+ 64. Kxh5 {Black must now prevent Rg8+.} Ra3 65. Kg5 Ra1 66. Kf5 Kh7 67. Kf6 Ra2 68. Re8 Rxa7 69. Re7+ Rxe7 70. Kxe7 {Precision: White = 68%, Black = 89%.} 1/2-1/2

[Event "V Sunway Sitges Open 2018"]
[Site "Sitges"]
[Date "2018.12.18"]
[Round "5"]
[White "Alonso Rosell, Alvar"]
[Black "Sasikiran, Krishnan"]
[Result "1/2-1/2"]
[WhiteElo "2524"]
[BlackElo "2673"]
[Annotator "TA"]
[PlyCount "81"]
[EventDate "2018.12.14"]
[EventType "swiss"]
[EventCountry "ESP"]
[SourceTitle "playchess.com"]
[Source "ChessBase"]
[SourceQuality "1"]

{[%evp 19,81,27,13,0,57,37,50,47,54,35,68,12,18,22,17,16,51,43,38,46,62,31,39,24,33,27,54,55,61,38,39,46,55,42,43,29,33,8,4,0,0,0,0,0,0,0,0,0,0,0,9,0,0,0,0,0,0,0,0,0,0,0,0,0]} 1. d4 Nf6 2. Nf3 e6 3. c4 b6 4. g3 Ba6 5. Nbd2 Bb7 6. Bg2 d5 {E15: Queen's Indian: 4 g3 sidelines, 4 g3 Ba6 and 4 g3 Bb7 early deviations} (6... c5 7. O-O cxd4 8. Nxd4 Bxg2 9. Kxg2 Bc5 10. N4f3 O-O 11. b3 d5 12. Bb2 Nc6 13. a3 a5 14. cxd5 exd5 15. Ne1 d4 16. Nd3 Qd5+ 17. Kg1 {1-0 (78) Duda,J (2717)-Kovalenko,I (2639) Katowice 2017}) 7. O-O Be7 8. b3 O-O 9. Bb2 Na6 10. Ne5 c5 {LiveBook: 9 Games} 11. dxc5 bxc5 ({Black should try} 11... Nxc5 $11 12. Rc1 Rc8) 12. e3 Re8 $146 ({Predecessor:} 12... Rc8 13. Qe2 Qb6 14. Rfd1 Rfd8 15. Rac1 Nc7 16. Ndf3 Ne4 17. Nd2 {1-0 (34) Piarnpuu,L (2275)-Swati,G (2190) Elista 1998}) 13. Qe2 Nb4 14. Rfd1 Qc7 15. Ng4 (15. Ndf3 $14) 15... Nxg4 $11 16. Qxg4 {[%csl Gb2][%cal Rg4g7] [#]} Bf8 17. Nf3 f5 18. Qf4 Qxf4 19. gxf4 Rad8 20. cxd5 (20. Ne1 {seems wilder.} Rd6 21. a3 Na6 22. Be5 Rd7 23. Nf3) 20... Bxd5 21. Ne5 Bxg2 22. Kxg2 Rd5 23. Rxd5 Nxd5 24. Ba3 Rc8 25. Rc1 Rc7 26. Kf3 g6 27. Ke2 a5 28. Nc4 Ra7 {The position is equal.} 29. Nb2 Nb4 30. Bxb4 axb4 {[%mdl 4096] Endgame KRB-KRN} 31. Na4 Kf7 32. Kf3 h6 33. Nxc5 Rxa2 34. Nd3 Bd6 35. Rc4 Ra3 36. Rd4 Be7 37. Nxb4 Rxb3 38. Nc6 {[#] Black must now prevent Rd7.} Rb7 39. Rd8 Bf6 40. Rc8 g5 41. fxg5 {Accuracy: White = 39%, Black = 80%.} 1/2-1/2

[Event "V Sunway Sitges Open 2018"]
[Site "Sitges"]
[Date "2018.12.18"]
[Round "5"]
[White "Keymer, Vincent"]
[Black "Lillo Castany, Victor"]
[Result "1-0"]
[WhiteElo "2508"]
[BlackElo "2336"]
[Annotator "TA"]
[PlyCount "55"]
[EventDate "2018.12.14"]
[EventType "swiss"]
[EventCountry "ESP"]
[SourceTitle "playchess.com"]
[Source "ChessBase"]
[SourceQuality "1"]

{[%evp 23,55,11,10,-6,70,40,62,21,35,45,52,30,169,176,209,199,189,192,187,189,172,162,275,274,247,271,444,425,539,440,981,599,569,539]} 1. Nf3 d5 2. e3 Nf6 3. c4 e6 4. Nc3 c5 5. cxd5 exd5 6. d4 a6 7. Be2 Nc6 8. O-O Bd6 9. dxc5 Bxc5 10. b3 O-O 11. Bb2 Ba7 12. Na4 {D32: Tarrasch Defence: Sidelines and lines without g3} (12. Rc1 h6 13. Qd3 d4 14. exd4 Nxd4 15. Nxd4 Qxd4 16. Qxd4 Bxd4 17. Bf3 Rb8 18. Rfd1 Ba7 19. Ba3 Re8 20. Bd6 {1-0 (55) Ivanchuk,V (2704)-Wang,Y (2720) Beijing 2014}) 12... Ne4 {LiveBook: 19 Games} 13. Nd4 {[#]} Qh4 $146 (13... Qg5 $11) ({Predecessor:} 13... Bd7 14. Rc1 Rc8 15. Nxc6 Bxc6 16. Nc3 Re8 17. Bg4 Ra8 18. Ne2 Bb5 19. Bd4 Bb8 {½-½ (31) Rustemov,A (2602)-Kharlov,A (2613) chessassistantclub.com INT 2004}) 14. Nxc6 {White is slightly better.} bxc6 15. Rc1 {[%cal Ba1c1,Bc1c3,Bc3e3][%mdl 32]} Nxf2 {[%mdl 64] Remove Defender, Decoy} 16. Rxf2 {And now Bd4 would win.} Bxe3 17. Qf1 $1 Bd7 (17... Bg4 $1 $11) 18. Rc3 $1 $18 {[%cal Rc3e3]} Qe7 {[#]} 19. Rxe3 $1 {[%mdl 512]} Qxe3 20. Ba3 ({Much less strong is} 20. Bxa6 $6 Rfe8 $16) 20... Rfe8 {[#]} 21. Bc5 $1 {[%cal Rc5e3][%mdl 1024] White has strong compensation.} d4 22. Nb6 $36 {[%mdl 2048] Keeping Black busy.} Rad8 (22... Qc3 $142) 23. Nc4 ({Less strong is} 23. Bxa6 Bf5 $16) 23... Qc3 {aiming for ...d3!} 24. Rf3 ({Wrong is} 24. Rxf7 $2 d3 $19) 24... Qc2 $2 (24... Bg4 {was necessary.} 25. Rxc3 {[%mdl 64] Discovered Attack} Bxe2) 25. Bd3 {White is clearly winning.} Qxa2 26. Nd6 Be6 (26... Qd2 $142) 27. Nxe8 Rxe8 28. Bxd4 {Accuracy: White = 71%, Black = 36%.} 1-0

[Event "V Sunway Sitges Open 2018"]
[Site "Sitges"]
[Date "2018.12.18"]
[Round "5"]
[White "Henderson de La Fuente, Lance"]
[Black "Antova, Gabriela"]
[Result "1-0"]
[WhiteElo "2484"]
[BlackElo "2303"]
[Annotator "ChessBase"]
[PlyCount "58"]
[EventDate "2018.12.14"]
[EventType "swiss"]
[EventCountry "ESP"]
[SourceTitle "playchess.com"]
[Source "ChessBase"]
[SourceQuality "1"]
[TimeControl "40/5400+30:1800+30"]

1. e4 {[%emt 0:00:00]} c5 {[%emt 0:00:00]} 2. Nc3 {[%emt 0:00:00]} d6 {[%emt 0:00:00]} 3. d4 {[%emt 0:00:10]} cxd4 {[%emt 0:00:22]} 4. Qxd4 {[%emt 0:00:06]} Nc6 {[%emt 0:00:51]} 5. Qd2 {[%emt 0:00:08]} Nf6 {[%emt 0:01:54]} 6. b3 {[%emt 0:00:15]} g6 {[%emt 0:01:45]} 7. Bb2 {[%emt 0:00:13]} Bg7 {[%emt 0:00:11]} 8. O-O-O O-O {[%emt 0:12:15]} 9. f3 {[%emt 0:00:53]} a5 {[%emt 0:07:57]} 10. a4 {[%emt 0:02:28]} Bd7 {[%emt 0:07:49]} 11. Nge2 {[%emt 0:04:03]} Rc8 {[%emt 0:06:42]} 12. Kb1 {[%emt 0:01:30]} Nb4 {[%emt 0:04:06]} 13. g4 {[%emt 0:09:16]} Rc5 {[%emt 0:05:47]} 14. Nd4 {[%emt 0:25:07]} Qb8 {[%emt 0:03:08]} 15. Na2 {[%emt 0:12:23]} Nxa2 {[%emt 0:16:04]} 16. Kxa2 {[%emt 0:00:07]} Rfc8 {[%emt 0:00:23]} 17. c4 b6 {[%emt 0:07:20]} 18. Bd3 {[%emt 0:09:24]} Ne8 {[%emt 0:05:47]} 19. h4 {[%emt 0:01:00]} e6 {[%emt 0:02:22]} 20. h5 {[%emt 0:05:47]} d5 {[%emt 0:02:37]} 21. exd5 {[%emt 0:07:15]} exd5 {[%emt 0:00:07]} 22. hxg6 {[%emt 0:00:21]} hxg6 {[%emt 0:00:12]} 23. Nb5 {[%emt 0:07:46]} Nf6 24. Rh3 {[%emt 0:06:33]} dxc4 {[%emt 0:08:54]} 25. Bxc4 {[%emt 0:01:28]} Bxb5 {[%emt 0:00:14]} 26. axb5 {[%emt 0:00:43]} Qc7 {[%emt 0:02:27]} 27. Kb1 {[%emt 0:03:23]} a4 {[%emt 0:00:40]} 28. Rdh1 g5 {[%emt 0:02:57]} 29. Qd3 {[%emt 0:02:47]} Kf8 1-0